000 00775nam a2200253Ia 4500
003 OSt
005 20220928125344.0
006 a|||||r|||| 00| 0
007 ta
008 220927b |||||||| |||| 00| 0 eng d
024 _a41013
037 _cTextual
040 _aSDCL
_cSDCL
_beng
041 _2eng
_aeng
082 _aS13, L7
100 _aLeiderman P Herbert Ed.
_9469373
245 0 _aCulture and infancy
_b Variations in the human experience.
260 _aNew York
_b Academic Press
_c1977
300 _axvii,615p.
_ccm.
700 _a Rosenfeld Anne Ed.
_9469374
700 _a Tulkin Steven R Ed.
_9469375
942 _hS13, L7
_cTEXL
_2CC
999 _c782029
_d782029